000 00572nam a2200169Ia 4500
003 IN-BaIIA
008 211028s9999 xx s 000 0 eng d
020 _a9780819416070 (Print)
040 _cIIA Library
100 _aFineschi, Silvano, ed.
_927075
245 0 _aX-Ray and Ultraviolet Spectroscopy and Polarimetry
_h[eBook]
260 _aWashington, USA
_bSPIE
_c1994
300 _aOnline resource
490 _aProceedings of SPIE; V. 2283
856 _uhttps://www.spiedigitallibrary.org/conference-proceedings-of-spie/2283
_yClick Here to Access eBook
942 _cEB
999 _c33849
_d33849